000 00606nam a2200229Ia 4500
003 OSt
005 20220928102114.0
006 a|||||r|||| 00| 0
007 ta
008 220927b |||||||| |||| 00| 0 eng d
024 _a55449
037 _cTextual
040 _aSDCL
_cSDCL
_beng
041 _2eng
_aeng
082 _aO152,3N301x, L2
100 _aChauhan Vihay
_9396636
245 0 _aEk butshikan ka janam.
260 _aDelhi
_bNational Publishing House
_c1972
300 _a143p
_ccm.
942 _hO152,3N301x, L2
_cTEXL
_2CC
999 _c712384
_d712384